000 00407nam a2200205Ia 4500
003 IT-RoPAU
008 120407s9999 xx 000 0 und d
040 _aIT-RoPAU
040 _cIT-RoPAU
041 _aita
100 _aEnzo Biagi
245 _aStoria del fascismo
250 _aFirenze
260 _aSadea
260 _c1964
300 _c31 cm
490 _v13
942 _cBK
999 _c23315
_d23315